The Russian Revolution - Statistics

General Stats
  • This quiz has been taken 61 times
  • The average score is 12 of 15
Answer Stats
Question Answer % Correct
Which mystic influenced the Tsarina and damaged the monarchy's reputation? Grigori Rasputin
98%
Who was Tsar of Russia at the beginning of the Revolution? Nicholas II
98%
Who would become leader of the Soviet Union and ultimately lead the country through WWII and into the Cold War? Joseph Stalin
94%
What political ideology did that party follow? Marxism (Communism)
92%
What major global conflict heavily strained Russia economically and fueled revolutionary sentiment? World War I
92%
What party was the above leader a part of? Bolshevik
90%
Who became the leader of Soviet Russia and later the Soviet Union following another revolution later in 1917? Vladimir Lenin
90%
The Russian Revolution consisted of two successive revolutions, The February Revolution & The _______ Revolution October
88%
What collective name was given to groups opposed to the Red Army during the ensuing Russian Civil War? White movement
75%
Who built up and led the Red Army to victory in the Russian Civil War? Leon Trotsky
73%
What slogan was commonly used by the communists during the revolution to gain popular support? Peace, Land, and {Bread}
69%
What condition did Rasputin supposedly treat in Tsarevich Alexei, the only son of the Tsar? Hemophilia
58%
What was the peace treaty signed by Soviet Russia that ended it's involvement in World War I? Treaty of Brest-Litovsk
54%
Who led the Provisional Government after the February Revolution? Alexander Kerensky
46%
What secret police force did the Soviets establish? Cheka
38%
No matching quizzes found
Score Distribution
Percent of People with Each Score
Percentile by Number Answered
Your Score History
You have not taken this quiz